| 000 | 00740nam a22001817a 4500 | ||
|---|---|---|---|
| 999 |
_c80989 _d80989 |
||
| 008 | 201130b ||||| |||| 00| 0 eng d | ||
| 040 |
_bger _cDE-2950 _erda _aDE-2950 |
||
| 041 | _ager | ||
| 100 | _aMatschkowiak, René: | ||
| 245 |
_aDas Jahr 2021 im Lennépark. _bBürgerinitiative: Neue Bäume und Skulpturen sowie Veranstaltungen stehen auf der Liste der Bürgerinitiative Lennépark in Frankfurt/ _cRené Matschkowiak ; Nancy Waldmann |
||
| 653 | _aFrankfurt (Oder) | ||
| 653 | _aLennépark | ||
| 773 |
_dFrankfurt (Oder): Märkisches Verlags- und Druckhaus GmbH & Co KG _g32. Jahrgang (2021) Nr. 99 vom 29.04.2021, S. 16 _tMärkische Oderzeitung |
||
| 942 | _cA | ||